000 00392 a2200169 4500
001 69520
020 _a8535616691
040 _cAnchieta - Itaigara
100 _aCampos, Salviano de
240 1 0 _aA matemática da educação
_lpor
245 1 0 _aA matemática da educação
300 _a38
362 0 _a2005
440 1 _aPaulinas
650 4 _aLiteratura infanto-juvenil
942 _cBK
999 _c69520
_d69520